Nárast počtu bankrotov a neuhradených záväzkov pokračuje aj v prvom kvartáli roku 2010
Hospodárska kríza a nárast počtu bankrotov a neuhradených záväzkov. Vyhlásené konkurzy za roky 2007-2010. Povolené reštrukturalizácie. Neuhradené záväzky podľa krajov. Analýza situácie v sledovaných oblastiach a sekciách.
Gespeichert in:
| 1. Verfasser: | |
|---|---|
| Format: | Buchkapitel |
| Sprache: | Slowakisch |
| Schlagworte: | |
| Tags: |
Keine Tags, Fügen Sie das erste Tag hinzu!
|
MARC
| LEADER | 00000naa$a2200000$$$4500 | ||
|---|---|---|---|
| 001 | 0116126 | ||
| 005 | 20221107084224.4 | ||
| 041 | 0 | |a slo | |
| 044 | |a SK | ||
| 245 | 1 | 0 | |a Nárast počtu bankrotov a neuhradených záväzkov pokračuje aj v prvom kvartáli roku 2010 |c Jana Marková |
| 520 | |a Hospodárska kríza a nárast počtu bankrotov a neuhradených záväzkov. Vyhlásené konkurzy za roky 2007-2010. Povolené reštrukturalizácie. Neuhradené záväzky podľa krajov. Analýza situácie v sledovaných oblastiach a sekciách. | ||
| 610 | 2 | 0 | |a Slovensko |
| 610 | 2 | 0 | |a kríza hospodárska |
| 610 | 2 | 0 | |a ukazovatele makroekonomické |
| 610 | 2 | 0 | |a sektory hospodárske |
| 610 | 2 | 0 | |a reštrukturalizácia |
| 610 | 2 | 0 | |a konkurzy |
| 610 | 2 | 0 | |a vyrovnanie |
| 610 | 2 | 0 | |a likvidácia podniku |
| 610 | 2 | 0 | |a bankrot |
| 100 | 1 | |a Marková, Jana | |